| 000 | 00337nam a2200133Ia 4500 | ||
|---|---|---|---|
| 008 | 191201s2000 xx 000 0 und d | ||
| 082 |
_a677.38 _bPRT |
||
| 100 | _aPRAYAG, R S | ||
| 245 | 0 | _aTechnology of Textile Printing | |
| 260 |
_aN.Delhi _bMahajan Book Distributors _c2000 |
||
| 300 | _a250 | ||
| 650 | _aB.Tech(TE) | ||
| 942 |
_2ddc _cBK |
||
| 999 |
_c3424 _d3424 |
||